Testování hypotézy efektivního trhu na BCPP
Jednou zo základných otázok fungovania kapitálového trhu je otázka jeho efektívnosti. Tri formy hypotézy efektívneho trhu (HET). Testovanie HET na českom kapitálovom trhu.
Salvato in:
| Autore principale: | |
|---|---|
| Altri autori: | , |
| Natura: | Capitolo di libro |
| Lingua: | ceco |
| Soggetti: | |
| Tags: |
Nessun Tag, puoi essere il primo ad aggiungerne!!
|
MARC
| LEADER | 00000naa a2200000 4500 | ||
|---|---|---|---|
| 001 | r032945 | ||
| 005 | 20230929092257.6 | ||
| 041 | 0 | |a cze | |
| 044 | |a CZ | ||
| 245 | 1 | 0 | |a Testování hypotézy efektivního trhu na BCPP |c Jan Filáček, Marek Kapička, Miloslav Vošvrda |
| 520 | |a Jednou zo základných otázok fungovania kapitálového trhu je otázka jeho efektívnosti. Tri formy hypotézy efektívneho trhu (HET). Testovanie HET na českom kapitálovom trhu. | ||
| 610 | 2 | 0 | |a teória trhov efektívnych |
| 610 | 2 | 0 | |a trh kapitálový |
| 610 | 2 | 0 | |a hypotézy |
| 610 | 2 | 0 | |a testovanie hypotéz |
| 610 | 2 | 0 | |a Česko |
| 610 | 2 | 0 | |a indexy burzové |
| 610 | 2 | 0 | |a modely |
| 610 | 2 | 0 | |a BCP Praha |
| 100 | 1 | |a Filáček, Jan | |
| 700 | 1 | |a Kapička, Marek | |
| 700 | 1 | |a Vošvrda, Miloslav S. | |